| 000 | 00672nam a22002177a 4500 | ||
|---|---|---|---|
| 999 |
_c15174 _d15174 |
||
| 003 | AR-CdUCM | ||
| 008 | 190426b ||||| |||| 00| 0 spa d | ||
| 020 | _a978-987-612-694-6 | ||
| 040 |
_aMUNICIPALIDAD PROVINCIAL DEL CUSCO _cBIBLIOTECA MUNICIPAL DEL CUSCO |
||
| 082 |
_aPI / 376.1 / _bC25 |
||
| 100 |
_aCané, Raquel _932826 |
||
| 245 | _aSopa / | ||
| 260 |
_aBuenos Aires : _bV&R, _c2013. |
||
| 300 |
_a40 páginas ; _bilustraciones, _c30 cm. |
||
| 650 |
_aAprendizaje infantil _933271 |
||
| 650 |
_aSiglo XXI _92856 |
||
| 650 |
_aLiteratura infantil _9588 |
||
| 700 |
_aLinares, María Inés (edición) _934201 |
||
| 942 |
_2ddc _cLIBROS |
||
| 945 |
_aachl _d2019-04-26 |
||